000 00940nam a22002657a 4500
005 20240530110508.0
008 151024s2010 ua a g 000 0 ara d
017 _a2010/14508
_bمصر . دار الكتب المصرية
040 _aEG-CaGPL
082 0 4 _221
_a650.13\
_bد ف
100 0 _aدايل كارنيغى .
245 1 0 _aفن التعامل مع الناس /
_cتاليف دايل كارنيغى .
250 _aط1.
260 _aالقاهرة :
_bمكتبة جزيرة الورد ،
_c2010 .
300 _a184 ص ؛
_c24 سم .
650 0 4 _aالتفكير .
650 0 4 _aالاتصالات
_xالجوانب النفسية .
650 0 4 _aالملل .
650 0 4 _aالارهاق .
650 0 4 _aالعلاقات الاجتماعية .
650 0 4 _aالتعاون ( علم نفس ) .
650 0 4 _aالعلاقات الانسانية .
942 _2ddc
_cBK
999 _c61614
_d61614